Odznak odbornosti Stavbař : rady a návody k plnění a získání odznaku odbornosti Stavbař /

Hlavní autor: Bado, Peter
Další autoři: Martinovský, Miroslav, 1945-, Vachoušek, Václav
Jazyk: Čeština
Vydáno: Praha : Mladá fronta, 1989
Vydání: 2. vyd. (v MF 1. vyd.)
Edice: Odznaky odbornosti
Témata:
Fyzický popis: 131 s. : obr., [16] s. fot., formuláře ; 20 cm
Knihy
Uloženo v:
LEADER 01349nam a22003371a 4500
001 000706719
003 CZ BrMZK
005 20110831092025.0
007 ta
008 040220s1989 xr a e 000 m cze d
020 |a 80-204-0059-1  |q (Brož.) :  |c 11 Kčs 
040 |a ABA001  |b cze  |d BOA001  |d ABA001 
041 1 |a cze  |h slo 
080 |a 69  |2 MRF 
080 |a 624  |2 MRF 
080 |a 061.2  |2 MRF 
100 1 |a Bado, Peter  |7 hka2010592616  |4 aut  |4 ill 
245 1 0 |a Odznak odbornosti Stavbař :  |b rady a návody k plnění a získání odznaku odbornosti Stavbař /  |c zpracoval a ilustroval Peter Bado ; ze slovenského originálu ... přeložil Václav Vachoušek ; fot. Miroslav Martinovský ; obálka a graf. úprava Pavel Štefan 
250 |a 2. vyd. (v MF 1. vyd.) 
260 |a Praha :  |b Mladá fronta,  |c 1989  |f (Mír 3) 
300 |a 131 s. :  |b obr., [16] s. fot., formuláře ;  |c 20 cm 
490 1 |a Odznaky odbornosti ;  |v sv. 49 
500 |a 2500 výt 
700 1 |a Martinovský, Miroslav,  |d 1945-  |7 xx0020001  |4 ill 
700 1 |a Vachoušek, Václav  |4 trl 
765 0 |t Odznak odbornosti Stavbár  |9 Česky 
830 0 |a Odznaky odbornosti  |0 s 
910 |a BOA001  |b PK-0110.917  |b 2-0947.685 
964 |a Stavebnictví - odznaky odbornosti 
990 |a BK 
996 6 |b 2619339437  |c 2-0947.685  |l MZK  |r Sklad / do 1 hodiny  |n 0  |w 000706719  |u 000020  |a 1  |e BOA001  |j MZK50  |s P